[Event "AUT-ch U10"]
[Site "St Veit"]
[Date "2023.05.29"]
[Round "7"]
[White "Karaagac, Emir"]
[Black "Winkelmayr, Raphael"]
[Result "0-1"]
[WhiteElo "852"]
[BlackElo "1000"]
[PlyCount "160"]
[EventDate "2023.05.27"]
[EventType "swiss"]
[EventRounds "7"]
[EventCountry "AUT"]
[SourceTitle "CBM 214 Extra"]
[Source "ChessBase"]
[SourceDate "2023.07.31"]
[SourceVersion "1"]
[SourceVersionDate "2023.07.31"]
[SourceQuality "1"]

1. e4 c6 2. Nf3 d5 3. exd5 cxd5 4. d4 Nf6 5. Bb5+ Bd7 6. Bxd7+ Qxd7 7. Bg5 Qd6 8. Bxf6 Qxf6 9. Qe2 Nd7 10. 0-0 e6 11. Nc3 Nb6 12. Qb5+ Nd7 13. Qxb7 Rb8 14. Qxa7 Rxb2 15. Qa4 Bd6 16. Rfe1 Qe7 17. Nxd5 Qd8 18. c4 0-0 19. c5 Bxc5 20. dxc5 exd5 21. c6 Nb8 22. Rec1 Qc7 23. Nd4 Rc8 24. Qa3 Rb6 25. Re1 h6 26. Rec1 Qe5 27. Qd3 Nxc6 28. Re1 Qxd4 29. Qxd4 Nxd4 30. Red1 Rc4 31. a4 Ra6 32. a5 Nb3 33. Rab1 Nxa5 34. Rxd5 Nc6 35. h3 Ra5 36. Rxa5 Nxa5 37. Ra1 Nb3 38. Rb1 Nd4 39. Kh2 Rc2 40. Kg3 Ne2+ 41. Kf3 Nc3 42. Re1 Kh7 43. g4 Nd5 44. h4 Rc3+ 45. Ke4 Rc4+ 46. Kxd5 Rxg4 47. Rh1 Rf4 48. h5 Rxf2 49. Ke4 Rg2 50. Kf3 Rg5 51. Kf4 Ra5 52. Re1 Rxh5 53. Re7 f6 54. Kg4 Rg5+ 55. Kf4 h5 56. Re2 h4 57. Rh2 Rh5 58. Kg4 Rh6 59. Rxh4 Rxh4+ 60. Kxh4 g5+ 61. Kg3 f5 62. Kf3 g4+ 63. Kg3 Kg6 64. Kf4 Kh5 65. Kg3 Kg5 66. Kf2 f4 67. Kg2 f3+ 68. Kg3 Kf5 69. Kf2 Kf4 70. Kg1 g3 71. Kf1 Ke3 72. Ke1 g2 73. Kd1 g1Q+ 74. Kc2 f2 75. Kc3 Qc1+ 76. Kb4 f1R 77. Kb5 Qc2 78. Kb4 Rb1+ 79. Ka3 Qb2+ 80. Ka4 Qb4# 0-1

[Event "AUT-ch U10"]
[Site "St Veit"]
[Date "2023.05.28"]
[Round "4"]
[White "Karaagac, Emir"]
[Black "Wu, Lucas"]
[Result "0-1"]
[WhiteElo "852"]
[BlackElo "1065"]
[PlyCount "66"]
[EventDate "2023.05.27"]
[EventType "swiss"]
[EventRounds "7"]
[EventCountry "AUT"]
[SourceTitle "CBM 214 Extra"]
[Source "ChessBase"]
[SourceDate "2023.07.31"]
[SourceVersion "1"]
[SourceVersionDate "2023.07.31"]
[SourceQuality "1"]

1. e4 c6 2. Nf3 d5 3. exd5 cxd5 4. Bb5+ Nc6 5. Bxc6+ bxc6 6. d4 Nf6 7. Ne5 Qb6 8. f3 Bf5 9. Nc3 e6 10. Be3 Bd6 11. b3 Bxe5 12. g4 Bg6 13. Qd2 Bd6 14. Bg5 Nd7 15. h4 h6 16. Be3 Rc8 17. h5 Bh7 18. Qc1 Bb4 19. Bd2 Qxd4 20. Qb2 Ne5 21. a3 Nxf3+ 22. Kf1 Nxd2+ 23. Ke1 Bxc3 24. Qc1 Nxb3+ 25. Kf1 Nxc1 26. Rxc1 e5 27. Ke2 Qd2+ 28. Kf3 Be4+ 29. Kg3 Qg2+ 30. Kh4 Qf2+ 31. Kh3 Bg2+ 32. Kh2 e4 33. Rhg1 Be5# 0-1

[Event "AUT-ch U10"]
[Site "St Veit"]
[Date "2023.05.27"]
[Round "2"]
[White "Cukor, Adam"]
[Black "Karaagac, Emir"]
[Result "1-0"]
[WhiteElo "927"]
[BlackElo "852"]
[PlyCount "41"]
[EventDate "2023.05.27"]
[EventType "swiss"]
[EventRounds "7"]
[EventCountry "AUT"]
[SourceTitle "CBM 214 Extra"]
[Source "ChessBase"]
[SourceDate "2023.07.31"]
[SourceVersion "1"]
[SourceVersionDate "2023.07.31"]
[SourceQuality "1"]

1. e4 e5 2. Nf3 Nc6 3. Bc4 Bc5 4. c3 d6 5. h3 Nge7 6. d4 exd4 7. cxd4 Bb4+ 8. Bd2 Bxd2+ 9. Nbxd2 Ng6 10. 0-0 Nh4 11. Nxh4 Qxh4 12. Nf3 Qxe4 13. Re1 Qxe1+ 14. Qxe1+ Ne7 15. Qe2 Kd8 16. Re1 Be6 17. Bxe6 fxe6 18. Ng5 Ke8 19. Qxe6 Kd8 20. Nf7+ Ke8 21. Qxe7# 1-0

[Event "AUT-ch U10"]
[Site "St Veit"]
[Date "2023.05.27"]
[Round "3"]
[White "Surin, Alexander"]
[Black "Karaagac, Emir"]
[Result "0-1"]
[WhiteElo "910"]
[BlackElo "852"]
[PlyCount "76"]
[EventDate "2023.05.27"]
[EventType "swiss"]
[EventRounds "7"]
[EventCountry "AUT"]
[SourceTitle "CBM 214 Extra"]
[Source "ChessBase"]
[SourceDate "2023.07.31"]
[SourceVersion "1"]
[SourceVersionDate "2023.07.31"]
[SourceQuality "1"]

1. e4 e5 2. Nf3 Nc6 3. Bc4 Bc5 4. d3 f6 5. 0-0 d6 6. Be3 Bg4 7. Bxc5 dxc5 8. h3 Bh5 9. g4 Bg6 10. Nc3 Nd4 11. Bxg8 Rxg8 12. Nxd4 cxd4 13. Nb5 c6 14. Na3 b5 15. c3 dxc3 16. bxc3 Qd6 17. Nc2 a5 18. Qe2 Rd8 19. Rad1 Qe6 20. d4 exd4 21. Nxd4 Qd6 22. Nf5 Qe6 23. Nd4 Qd6 24. Nf3 Qe6 25. Rxd8+ Kxd8 26. Rd1+ Ke7 27. g5 Qxh3 28. Qd2 Qg4+ 29. Kf1 Qh3+ 30. Ke2 Qe6 31. gxf6+ gxf6 32. Qd7+ Qxd7 33. Rxd7+ Kxd7 34. e5 fxe5 35. Nxe5+ Kd6 36. Ng4 h5 37. Nh6 Rh8 38. f4 Rxh6 0-1